Perro /

Guardado en:
Autor Principal: Evans, Mark
Formato: Libro
Publicado: España : Susaeta, 1992
Series:Animales de Compan¡a, 2
Materias:
Etiquetas: Agregar Etiqueta
Sin Etiquetas, Sea el primero en etiquetar este registro!
LEADER 00490nam a22001935a 4500
001 CEM.cems010509
005 20060214000000.0
008 130507s1992##################000#0#####d
003 CEMS
100 1 |a Evans, Mark 
245 1 0 |a Perro / 
260 |a España :  |b Susaeta,  |c 1992 
300 |a 45 p. 
490 0 |a Animales de Compan¡a, 2 
653 |a Nivel inicial-biblioteca 
653 |a Perros 
859 |a CEMS  |b BIB. CEMS - 11 de abril  |h JARDIN  |p 21061.00  |t Ej.1 
859 |a CEMS  |b BIB. CEMS